000 00283nam a22001217a 4500
008 230629b xxu||||| |||| 00| 0 eng d
082 _a333.7
_bNEMA
100 _cNEMA
245 _aState of Environment Report 2003, Kenya
260 _bNEMA
_c2003
300 _a176p
942 _2ddc
_cBK
999 _c2973
_d2973